000 00672nam a2200241Ia 4500
003 OSt
005 20220918175129.0
006 a|||||r|||| 00| 0
007 ta
008 220917b |||||||| |||| 00| 0 eng d
024 _a15,824
037 _cTextual
040 _aARTS
_cARTS
_beng
041 _2eng
_aeng
082 _aO:g(P:7), M6-;1 (MILSC)
100 _aBarthes Roland
_915728
245 0 _aRustle of language tr by Richard Howard
260 _aOxford
_bBasil Blackwell
_c1986
300 _aix,373p.
_ccm.
650 _aENGLISH LITERATURE
942 _hO:g(P:7), M6-;1 (MILSC)
_cTEXL
_2CC
999 _c156220
_d156220